000 00422nam a2200157Ia 4500
003 GCL
008 140319s9999 xx 000 0 ara d
040 _aGCL /
_cGCL
082 0 4 _aد
_b050
100 1 _aاحمد امين
245 1 0 _aالصعلكة و الفتوة فى الاسلام (اقرا 111 ) /
_cاحمد امين
300 _a116
490 _aاقرأ
_v0
650 0 4 _aالصعاليك
942 _2ddc
_cBK
999 _c49054
_d49054